=LDR 00000nam 2200000 4500 =001 INLIS000000000013147 =005 20130612104602 =008 ***********************************Ind** =035 ##$$0010-061300000013147 =041 ##$$a Ind =082 ##$$a 641.3 =090 ##$$a 641.3, Sum m =100 ##$$a Sumoprastowo, R.M =245 ##$$a Memilih dan menyimpan sayur-mayur, buah-buahan dan bahan makanan, RM. Sumoprastowo, CDA =260 ##$$a 2004 $b Jakarta =300 ##$$a 90 hlm, 21 cm =650 ##$$a Sayur =850 ##$$a NBPNMAT =990 ##$$a 0001/BPAP-NTB/2015 =990 ##$$a 0001/BPAP-NTB/2016 =990 ##$$a 15701570 =990 ##$$a 01201901570 =990 ##$$a 0001/BPAP-NTB/2015 =990 ##$$a 0001/BPAP-NTB/2016